[Event "GBR-ch111 Over 65"]
[Site "Liverpool"]
[Date "2025.08.09"]
[Round "6.3"]
[White "Brooks, Phil J"]
[Black "Townsend, M Paul"]
[Result "1/2-1/2"]
[WhiteElo "2127"]
[BlackElo "2167"]
[PlyCount "106"]
[EventDate "2025.08.04"]
[EventType "swiss"]
[EventRounds "7"]
[EventCountry "GBR"]
[SourceTitle "BritBase"]
[Source "John Saunders"]
[SourceDate "2025.08.11"]
[SourceVersion "1"]
[SourceVersionDate "2025.08.11"]
[SourceQuality "1"]

1. d4 d5 2. c4 e6 3. Nf3 Nf6 4. g3 Be7 5. Bg2 O-O 6. O-O c6 7. Nc3 Nbd7 8. b3 b6 9. Bb2 Ba6 10. Nd2 Rc8 11. e4 dxc4 12. Nxc4 b5 13. Ne3 e5 14. Ne2 exd4 15. Nxd4 b4 16. Nc4 Bxc4 17. bxc4 g6 18. Qe2 c5 19. Nc2 Nh5 20. Rad1 Qc7 21. Ne3 Nb6 22. f4 Rfd8 23. Be5 Bd6 24. Ba1 Bf8 25. e5 Rxd1 26. Rxd1 Rd8 27. Rd2 Rxd2 28. Qxd2 Qd7 29. Qxd7 Nxd7 30. f5 gxf5 31. Nxf5 Bg7 32. Bf3 Bxe5 33. Bxe5 Nxe5 34. Bxh5 Nxc4 35. Nh6+ Kg7 36. Nxf7 a5 37. Nd8 Nd2 38. Nb7 a4 39. Nxc5 b3 40. Nxb3 axb3 41. axb3 Nxb3 42. Kf2 Kf6 43. Bd1 Nd4 44. Ke3 Nf5+ 45. Kf4 h6 46. Ba4 Ng7 47. Bd7 Nh5+ 48. Ke4 Ng7 49. h4 Ke7 50. Ba4 Nh5 51. g4 Nf6+ 52. Kf5 Nxg4 53. Kxg4 Kf6 1/2-1/2

[Event "GBR-ch111 Over 65"]
[Site "Liverpool"]
[Date "2025.08.09"]
[Round "6.4"]
[White "Pritchett, Craig W"]
[Black "Page, Mark Edward"]
[Result "1/2-1/2"]
[WhiteElo "2181"]
[BlackElo "2025"]
[PlyCount "163"]
[EventDate "2025.08.04"]
[EventType "swiss"]
[EventRounds "7"]
[EventCountry "GBR"]
[SourceTitle "BritBase"]
[Source "John Saunders"]
[SourceDate "2025.08.11"]
[SourceVersion "1"]
[SourceVersionDate "2025.08.11"]
[SourceQuality "1"]

1. Nf3 Nf6 2. b3 g6 3. Bb2 Bg7 4. g3 O-O 5. Bg2 d6 6. d4 e5 7. dxe5 Ng4 8. Qc1 Nxe5 9. O-O Nbd7 10. c4 a5 11. Nc3 Re8 12. Qc2 Nc5 13. Rad1 Bf5 14. Qc1 Nc6 15. Rfe1 a4 16. Nd5 axb3 17. Bxg7 Kxg7 18. Qb2+ f6 19. axb3 Be4 20. b4 Na4 21. Qb3 Bxf3 22. Bxf3 Ne5 23. Bg2 c6 24. Nf4 Qe7 25. h3 Nb6 26. Rd4 c5 27. bxc5 dxc5 28. Nd5 Qd8 29. Rf4 Nxd5 30. Bxd5 Re7 31. Kg2 Qa5 32. Rb1 Rf8 33. Qb6 Qd2 34. Rb2 Qd1 35. Qxc5 Rd7 36. Rd4 Qc1 37. Rxb7 Rfd8 38. Rxd7+ Rxd7 39. Re4 g5 40. Qe3 Qb2 41. Qd4 Qxd4 42. Rxd4 Nxc4 43. e3 Ne5 44. Be6 Re7 45. Bf5 h6 46. h4 Ra7 47. h5 Rc7 48. g4 Ra7 49. Kg3 Rc7 50. f4 gxf4+ 51. exf4 Nf7 52. Kf3 Re7 53. Bg6 Kf8 54. Rb4 Kg7 55. Rd4 Nh8 56. Bf5 Nf7 57. Rd7 Rxd7 58. Bxd7 Nd6 59. Ke3 Kf7 60. Kd4 Ke7 61. Bc6 Nf7 62. Bf3 Nd6 63. Kd5 Nf7 64. Be4 Nd6 65. Bg6 Nc8 66. Bd3 Nd6 67. Bc2 Nf7 68. Ke4 Nd6+ 69. Kf3 Nf7 70. Kg3 Kf8 71. Kh4 Kg7 72. Bb3 Nd6 73. Bd5 Kh7 74. Kg3 Kg7 75. Kf3 Kf8 76. Ke3 Ke7 77. Kd4 Ne8 78. Bc4 Nd6 79. Bd3 Nf7 80. Kd5 Nd6 81. Bb1 Nf7 82. Bd3 1/2-1/2

[Event "GBR-ch111 Over 65"]
[Site "Liverpool"]
[Date "2025.08.09"]
[Round "6.5"]
[White "Granat, Russell G"]
[Black "Hewson, Brian Wr"]
[Result "1/2-1/2"]
[WhiteElo "2164"]
[BlackElo "2062"]
[PlyCount "68"]
[EventDate "2025.08.04"]
[EventType "swiss"]
[EventRounds "7"]
[EventCountry "GBR"]
[SourceTitle "BritBase"]
[Source "John Saunders"]
[SourceDate "2025.08.11"]
[SourceVersion "1"]
[SourceVersionDate "2025.08.11"]
[SourceQuality "1"]

1. e4 c6 2. d4 d5 3. exd5 cxd5 4. c4 Nf6 5. Nc3 Nc6 6. Nf3 Bg4 7. cxd5 Nxd5 8. h3 Bxf3 9. Qxf3 e6 10. Bb5 Rc8 11. O-O a6 12. Bxc6+ Rxc6 13. Re1 Bb4 14. Bd2 O-O 15. Rad1 Bxc3 16. Bxc3 Nxc3 17. bxc3 Qa5 18. Rb1 Qxc3 19. Qf4 Rfc8 20. Re3 Qc4 21. Rxb7 R6c7 22. Rbb3 h6 23. Kh2 Rd7 24. Rg3 Kh7 25. Rbd3 Qd5 26. Qg4 g6 27. Rgf3 Rc4 28. Qf4 Kg7 29. Qf6+ Kh7 30. a3 Qg5 31. Qe5 Qxe5+ 32. dxe5 Rxd3 33. Rxd3 Re4 34. Re3 Rxe3 1/2-1/2

[Event "GBR-ch111 Over 65"]
[Site "Liverpool"]
[Date "2025.08.09"]
[Round "6.6"]
[White "Hardman, Michael J"]
[Black "Varley, Peter"]
[Result "0-1"]
[WhiteElo "2057"]
[BlackElo "2117"]
[PlyCount "90"]
[EventDate "2025.08.04"]
[EventType "swiss"]
[EventRounds "7"]
[EventCountry "GBR"]
[SourceTitle "BritBase"]
[Source "John Saunders"]
[SourceDate "2025.08.11"]
[SourceVersion "1"]
[SourceVersionDate "2025.08.11"]
[SourceQuality "1"]

1. d4 d5 2. Nf3 Nf6 3. g3 g6 4. Bg2 Bg7 5. O-O O-O 6. c4 c6 7. Qb3 Qb6 8. Qxb6 axb6 9. cxd5 Nxd5 10. Nc3 Nxc3 11. bxc3 Be6 12. a3 Nd7 13. Nd2 b5 14. Ne4 f5 15. Nd2 Nb6 16. e3 Na4 17. Nb1 Bc4 18. Rd1 Bb3 19. Re1 e5 20. Bd2 Rfe8 21. Rc1 Nb6 22. Be1 Bf8 23. Nd2 Bf7 24. Rc2 exd4 25. cxd4 Bxa3 26. Nf3 Bf8 27. Rb1 Nc4 28. Rcc1 Bd5 29. Ng5 Bxg2 30. Kxg2 Ra2 31. Kg1 Be7 32. Nf3 Rea8 33. d5 Bf6 34. Bc3 Bxc3 35. Rxc3 Ra1 36. Rcc1 Rxb1 37. Rxb1 Rd8 38. dxc6 bxc6 39. Nd4 Rc8 40. Ra1 b4 41. Ra7 c5 42. Ne6 b3 43. Rb7 b2 44. Ng5 h6 45. Ne6 Ra8 0-1

[Event "GBR-ch111 Over 65"]
[Site "Liverpool"]
[Date "2025.08.09"]
[Round "6.7"]
[White "Smith, Andrew P"]
[Black "Hodge, Steve R"]
[Result "0-1"]
[WhiteElo "2104"]
[BlackElo "1973"]
[PlyCount "140"]
[EventDate "2025.08.04"]
[EventType "swiss"]
[EventRounds "7"]
[EventCountry "GBR"]
[SourceTitle "BritBase"]
[Source "John Saunders"]
[SourceDate "2025.08.11"]
[SourceVersion "1"]
[SourceVersionDate "2025.08.11"]
[SourceQuality "1"]

1. e4 c5 2. Nf3 Nc6 3. d4 cxd4 4. Nxd4 Nf6 5. Nc3 e5 6. Nb3 Bb4 7. Bc4 O-O 8. Qd3 d5 9. Bxd5 Nxd5 10. exd5 Ne7 11. O-O Bf5 12. Qe2 Bxc3 13. bxc3 Qxd5 14. Ba3 Rfe8 15. Rad1 Qe4 16. Qxe4 Bxe4 17. Rfe1 Bxc2 18. Rd7 Nc6 19. Rxb7 Rab8 20. Rc7 Rbc8 21. Rxc8 Rxc8 22. Bc5 Rd8 23. f3 Rd3 24. Re3 Rxe3 25. Bxe3 f6 26. Kf2 Kf7 27. Ke2 Bf5 28. Kd2 Be6 29. Kd3 f5 30. Bc5 g5 31. c4 h5 32. h3 Kf6 33. Nd2 h4 34. a3 a6 35. Bf2 Ke7 36. Nb3 Bc8 37. Nc5 Kf6 38. Kc3 Nd8 39. Nd3 e4 40. Bd4+ Kg6 41. Ne5+ Kh5 42. fxe4 fxe4 43. c5 Ne6 44. c6 Nf4 45. Kc4 Nxg2 46. Kc5 Nf4 47. Nd7 Ne6+ 48. Kd5 Nd8 49. Bb6 Nxc6 50. Kxc6 Bxd7+ 51. Kd5 Bxh3 52. Kxe4 Bd7 53. Kf3 Bc6+ 54. Kf2 g4 55. Bc7 Kg6 56. Bd6 Kf5 57. Bc7 g3+ 58. Bxg3 hxg3+ 59. Kxg3 Ke4 60. Kf2 Kd3 61. Ke1 Kc2 62. Ke2 a5 63. Ke3 Kc3 64. Ke2 Ba4 65. Ke3 Bb5 66. Ke4 Bd3+ 67. Ke3 a4 68. Kf2 Kb3 69. Ke3 Kxa3 70. Kxd3 Kb2 0-1

[Event "GBR-ch111 Over 65"]
[Site "Liverpool"]
[Date "2025.08.09"]
[Round "6.8"]
[White "Giulian, Philip M"]
[Black "Hughes, Roy"]
[Result "0-1"]
[WhiteElo "2075"]
[BlackElo "2019"]
[PlyCount "80"]
[EventDate "2025.08.04"]
[EventType "swiss"]
[EventRounds "7"]
[EventCountry "GBR"]
[SourceTitle "BritBase"]
[Source "John Saunders"]
[SourceDate "2025.08.11"]
[SourceVersion "1"]
[SourceVersionDate "2025.08.11"]
[SourceQuality "1"]

1. d4 d5 2. c4 c6 3. Nf3 Nf6 4. Nc3 e6 5. cxd5 exd5 6. Bf4 Bf5 7. e3 Bd6 8. Bxd6 Qxd6 9. Nh4 Bg6 10. Bd3 Nbd7 11. Nf5 Bxf5 12. Bxf5 O-O 13. O-O Rfe8 14. Qc2 Nf8 15. Rab1 Ng6 16. g3 a5 17. a3 Ne7 18. Bh3 Nc8 19. Na4 Ne4 20. Rfc1 Qh6 21. Bg2 Ncd6 22. Nc3 f5 23. Qe2 Re7 24. Rc2 Rae8 25. Re1 Nf6 26. Qf3 g5 27. Rf1 Qg6 28. Qd1 h5 29. b3 Qh6 30. Qf3 Qg6 31. Rb2 Ng4 32. Rc1 Rh7 33. Ra1 h4 34. gxh4 Rxh4 35. h3 Nf6 36. Qg3 Nh5 37. Qf3 g4 38. hxg4 Rxg4 39. Raa2 Ne4 40. Nd1 Ng5 0-1

[Event "GBR-ch111 Over 65"]
[Site "Liverpool"]
[Date "2025.08.09"]
[Round "6.9"]
[White "Hutchinson, Paul A"]
[Black "Pickles, Stephen"]
[Result "1/2-1/2"]
[WhiteElo "2019"]
[BlackElo "2280"]
[PlyCount "125"]
[EventDate "2025.08.04"]
[EventType "swiss"]
[EventRounds "7"]
[EventCountry "GBR"]
[SourceTitle "BritBase"]
[Source "John Saunders"]
[SourceDate "2025.08.11"]
[SourceVersion "1"]
[SourceVersionDate "2025.08.11"]
[SourceQuality "1"]

1. d4 Nf6 2. Nc3 d5 3. Bf4 c5 4. e3 cxd4 5. exd4 a6 6. Nf3 Nc6 7. h3 e6 8. Bd3 Bd6 9. Bxd6 Qxd6 10. Qd2 Bd7 11. O-O b5 12. a3 O-O 13. Rfe1 Rfc8 14. Qe3 Na5 15. Ne5 Nc4 16. Bxc4 bxc4 17. Qf4 Rab8 18. Rab1 Rb7 19. Re3 Be8 20. Qh4 Qd8 21. Qf4 Rcb8 22. Nd1 Ba4 23. Rc1 Rc8 24. h4 Be8 25. Rh3 Ne4 26. Re3 Nd6 27. h5 Nf5 28. Rh3 f6 29. Ng4 Qd6 30. Qd2 e5 31. dxe5 fxe5 32. c3 h6 33. Nde3 Ne7 34. Re1 Qe6 35. Qe2 Nc6 36. Nd1 Re7 37. Nde3 Rb8 38. Rd1 Bf7 39. Nxd5 Reb7 40. Rd2 Kh8 41. Nb4 Nxb4 42. axb4 Rb5 43. Ne3 a5 44. Nc2 Rd5 45. Rxd5 Qxd5 46. Rg3 Rd8 47. bxa5 Qxa5 48. Ne3 Qa1+ 49. Kh2 Qb1 50. Qg4 Rg8 51. Nxc4 Bxc4 52. Qxc4 Qxb2 53. Qe4 Qxf2 54. Qxe5 Qc2 55. Qd4 Qf5 56. Qg4 Qe5 57. c4 Rf8 58. Qd1 Rf4 59. Qd8+ Kh7 60. Qd3+ Kh8 61. Qd8+ Kh7 62. Qd3+ Kh8 63. Qd4 1/2-1/2

[Event "GBR-ch111 Over 65"]
[Site "Liverpool"]
[Date "2025.08.09"]
[Round "6.10"]
[White "Kennaugh, Charles W"]
[Black "Lawson, Maurice E"]
[Result "1-0"]
[WhiteElo "2203"]
[BlackElo "1938"]
[PlyCount "111"]
[EventDate "2025.08.04"]
[EventType "swiss"]
[EventRounds "7"]
[EventCountry "GBR"]
[SourceTitle "BritBase"]
[Source "John Saunders"]
[SourceDate "2025.08.11"]
[SourceVersion "1"]
[SourceVersionDate "2025.08.11"]
[SourceQuality "1"]

1. e4 c6 2. Nc3 d5 3. Qf3 dxe4 4. Nxe4 e6 5. Ne2 Nd7 6. d4 Ngf6 7. N2g3 Nxe4 8. Nxe4 Nf6 9. Nxf6+ Qxf6 10. Qxf6 gxf6 11. Bf4 b6 12. O-O-O Bb7 13. Be2 Rg8 14. Bf3 O-O-O 15. c4 Bd6 16. Bg3 Rd7 17. Kc2 Rgd8 18. Kc3 Be7 19. Rhe1 b5 20. a3 a5 21. c5 b4+ 22. axb4 axb4+ 23. Kc4 Ba6+ 24. Kxb4 Rxd4+ 25. Rxd4 Rxd4+ 26. Kb3 Rd3+ 27. Kc2 Rd4 28. Ra1 Bb7 29. Ra5 e5 30. Kc3 Bd8 31. Ra2 Bc7 32. Bh5 Rd5 33. b4 e4 34. Bxf7 Rd3+ 35. Kc4 Bxg3 36. hxg3 Kb8 37. Be6 Bc8 38. Bxc8 Kxc8 39. Ra8+ Kd7 40. Ra7+ Ke6 41. Rc7 Rd2 42. Rxc6+ Kf5 43. b5 Rxf2 44. b6 Rb2 45. Rc7 e3 46. Re7 e2 47. Kd5 Kg4 48. Re3 f5 49. Kc6 f4 50. gxf4 Kxf4 51. Re8 Kg3 52. Kc7 Kxg2 53. b7 Kf2 54. b8=Q Rxb8 55. Kxb8 e1=Q 56. Rxe1 1-0

[Event "GBR-ch111 Over 65"]
[Site "Liverpool"]
[Date "2025.08.09"]
[Round "6.11"]
[White "Orton, Stephen LA"]
[Black "Myall, Ivan J"]
[Result "1-0"]
[WhiteElo "2137"]
[BlackElo "1938"]
[PlyCount "148"]
[EventDate "2025.08.04"]
[EventType "swiss"]
[EventRounds "7"]
[EventCountry "GBR"]
[SourceTitle "BritBase"]
[Source "John Saunders"]
[SourceDate "2025.08.11"]
[SourceVersion "1"]
[SourceVersionDate "2025.08.11"]
[SourceQuality "1"]

1. e4 e5 2. Nf3 Nc6 3. Bb5 Bc5 4. c3 f5 5. d4 fxe4 6. Nxe5 Nxe5 7. Qh5+ Nf7 8. dxc5 Nf6 9. Qe2 O-O 10. O-O Qe7 11. Be3 d5 12. cxd6 Nxd6 13. Nd2 Qe5 14. Bc4+ Kh8 15. Bd4 Qf4 16. f3 Nxc4 17. Nxc4 Bf5 18. Be5 exf3 19. Rxf3 Qe4 20. Qxe4 Bxe4 21. Rf4 Bd3 22. Bxc7 Nd5 23. Rxf8+ Rxf8 24. Bd6 Rd8 25. Ne5 Bg6 26. Nxg6+ hxg6 27. Bc5 b6 28. Bd4 Re8 29. Kf1 Rf8+ 30. Bf2 Ne3+ 31. Kg1 Ng4 32. Bd4 Re8 33. h3 Nh6 34. Kf2 Rf8+ 35. Ke2 Re8+ 36. Kd3 Nf5 37. Rf1 Kg8 38. a4 Re7 39. b4 Rd7 40. Rf4 Nd6 41. c4 g5 42. Rg4 Nf7 43. Kc3 Kh7 44. h4 Kg6 45. hxg5 Kf5 46. Rh4 Nxg5 47. c5 Ne4+ 48. Kc4 g5 49. c6 Rd6 50. Rh7 Rxc6+ 51. Kb5 Rd6 52. Bh8 a5 53. bxa5 bxa5 54. Kxa5 Rd2 55. Kb6 Rd6+ 56. Kb5 Rd5+ 57. Kc4 Ra5 58. Kb4 Ra8 59. Bd4 Nd6 60. Ba7 Rc8 61. Bc5 Ne4 62. Bb6 Nf6 63. Rb7 Nd5+ 64. Kb5 Nc3+ 65. Kb4 Nxa4 66. Kxa4 Rc2 67. Rf7+ Kg4 68. Rf2 Rc4+ 69. Kb5 Rf4 70. Rxf4+ gxf4 71. Bf2 f3 72. g3 Kh3 73. Be1 Kg4 74. Kc4 Kf5 1-0

[Event "GBR-ch111 Over 65"]
[Site "Liverpool"]
[Date "2025.08.09"]
[Round "6.12"]
[White "Hutchinson, Norman A"]
[Black "Dawson, Jeff R"]
[Result "0-1"]
[WhiteElo "1914"]
[BlackElo "2024"]
[PlyCount "56"]
[EventDate "2025.08.04"]
[EventType "swiss"]
[EventRounds "7"]
[EventCountry "GBR"]
[SourceTitle "BritBase"]
[Source "John Saunders"]
[SourceDate "2025.08.11"]
[SourceVersion "1"]
[SourceVersionDate "2025.08.11"]
[SourceQuality "1"]

1. e4 e6 2. d4 d5 3. Nd2 c5 4. Ngf3 cxd4 5. Nxd4 Nc6 6. Nxc6 bxc6 7. Bd3 Bd6 8. Qe2 Qc7 9. Nf3 dxe4 10. Bxe4 Nf6 11. Nd4 Nxe4 12. Qxe4 Bb7 13. Qe2 a5 14. Be3 O-O 15. h3 Ba6 16. c4 Bb4+ 17. Kf1 Rfd8 18. g3 Bc5 19. Nxe6 fxe6 20. Bxc5 Qf7 21. b3 Qf5 22. Bb6 Rd3 23. g4 Qg6 24. Re1 a4 25. Qxe6+ Qxe6 26. Rxe6 axb3 27. axb3 Rxb3 28. Be3 Bxc4+ 0-1

[Event "GBR-ch111 Over 65"]
[Site "Liverpool"]
[Date "2025.08.09"]
[Round "6.13"]
[White "Moore, Geoffrey R"]
[Black "Johnson, Simon"]
[Result "1-0"]
[WhiteElo "1996"]
[BlackElo "1911"]
[PlyCount "61"]
[EventDate "2025.08.04"]
[EventType "swiss"]
[EventRounds "7"]
[EventCountry "GBR"]
[SourceTitle "BritBase"]
[Source "John Saunders"]
[SourceDate "2025.08.11"]
[SourceVersion "1"]
[SourceVersionDate "2025.08.11"]
[SourceQuality "1"]

1. e4 e6 2. d3 c5 3. Nf3 Nc6 4. g3 Nf6 5. Bg2 Be7 6. O-O O-O 7. Re1 d5 8. Nbd2 b5 9. e5 Ne8 10. Nf1 a5 11. h4 h5 12. Ng5 g6 13. Bf4 Bd7 14. g4 Ng7 15. Ng3 f6 16. exf6 Rxf6 17. Be3 hxg4 18. Qxg4 Ne5 19. Qe2 Qf8 20. f4 Nf7 21. c4 Nxg5 22. fxg5 Rf7 23. cxd5 Rc8 24. dxe6 Bxe6 25. Be4 Nf5 26. Nxf5 gxf5 27. Bf3 f4 28. Bf2 Bxg5 29. Qxe6 Bf6 30. Bd5 Qg7+ 31. Kh2 1-0

[Event "GBR-ch111 Over 65"]
[Site "Liverpool"]
[Date "2025.08.09"]
[Round "6.14"]
[White "Prince, Alan R"]
[Black "Clark, Robert G"]
[Result "1/2-1/2"]
[WhiteElo "1791"]
[BlackElo "1991"]
[PlyCount "57"]
[EventDate "2025.08.04"]
[EventType "swiss"]
[EventRounds "7"]
[EventCountry "GBR"]
[SourceTitle "BritBase"]
[Source "John Saunders"]
[SourceDate "2025.08.11"]
[SourceVersion "1"]
[SourceVersionDate "2025.08.11"]
[SourceQuality "1"]

1. e4 e5 2. Nf3 Nc6 3. Bc4 Nf6 4. d3 h6 5. O-O d6 6. c3 Na5 7. Bb5+ Bd7 8. Ba4 g6 9. b4 b5 10. Bc2 Nb7 11. d4 Qe7 12. Nbd2 Bg7 13. Bb2 exd4 14. cxd4 O-O 15. Re1 Nh7 16. e5 dxe5 17. Nxe5 Qxb4 18. Bb3 Be6 19. Bxe6 Bxe5 20. dxe5 Qxb2 21. Bd5 Rad8 22. Rb1 Qd4 23. Bxb7 Qxd2 24. Qxd2 Rxd2 25. Rxb5 Rxa2 26. Rc5 Ng5 27. Rxc7 Rd8 28. Rc8 Rxc8 29. Bxc8 1/2-1/2

[Event "GBR-ch111 Over 65"]
[Site "Liverpool"]
[Date "2025.08.09"]
[Round "6.15"]
[White "Tedd, Bernie"]
[Black "Fletcher, John T"]
[Result "1/2-1/2"]
[WhiteElo "1740"]
[BlackElo "1981"]
[PlyCount "140"]
[EventDate "2025.08.04"]
[EventType "swiss"]
[EventRounds "7"]
[EventCountry "GBR"]
[SourceTitle "BritBase"]
[Source "John Saunders"]
[SourceDate "2025.08.11"]
[SourceVersion "1"]
[SourceVersionDate "2025.08.11"]
[SourceQuality "1"]

1. e4 c5 2. Nc3 Nc6 3. Bb5 g6 4. Bxc6 bxc6 5. d3 Bg7 6. Bd2 d6 7. Rb1 e5 8. Nge2 Ne7 9. f4 O-O 10. fxe5 Bxe5 11. Bh6 Bg7 12. Bxg7 Kxg7 13. O-O Bg4 14. h3 Be6 15. Qd2 Ng8 16. b3 Qe7 17. Rbe1 Nf6 18. Nf4 Nd7 19. Ncd5 cxd5 20. exd5 Ne5 21. dxe6 fxe6 22. d4 cxd4 23. Qxd4 Kg8 24. c4 Rac8 25. Nd3 Rxf1+ 26. Rxf1 Nf7 27. Re1 Rc7 28. Qe3 Nd8 29. Nf4 Rc5 30. Qf3 Rf5 31. g4 Rf7 32. Qe3 Qh4 33. Re2 e5 34. Ng2 Qf6 35. Rf2 Qxf2+ 36. Qxf2 Rxf2 37. Kxf2 Kf7 38. Ke3 g5 39. h4 gxh4 40. Nxh4 Ke6 41. Ke4 Nb7 42. b4 Nd8 43. Nf3 h6 44. Nh4 Nc6 45. a3 Nd4 46. b5 Nb3 47. Nf5 Nc5+ 48. Ke3 d5 49. cxd5+ Kxd5 50. Nxh6 Kc4 51. Nf7 Kxb5 52. Nxe5 Ka4 53. Nc4 Kb3 54. Kd4 Ne6+ 55. Ke5 Ng5 56. Kd5 a6 57. Kd4 Ne6+ 58. Kd5 Ng5 59. Kd4 Ne6+ 60. Ke5 Ng5 61. Kd5 Nh3 62. Kc5 Ng5 63. Kb6 Kxc4 64. Kxa6 Kb3 65. Kb5 Kxa3 66. Kc5 Kb3 67. Kd5 Kc3 68. Ke5 Nh3 69. Ke4 Kc4 70. Kf3 Kd4 1/2-1/2

[Event "GBR-ch111 Over 65"]
[Site "Liverpool"]
[Date "2025.08.09"]
[Round "6.16"]
[White "Collinson, Mark I"]
[Black "James, Geoffrey H"]
[Result "1/2-1/2"]
[WhiteElo "1900"]
[BlackElo "2088"]
[PlyCount "127"]
[EventDate "2025.08.04"]
[EventType "swiss"]
[EventRounds "7"]
[EventCountry "GBR"]
[SourceTitle "BritBase"]
[Source "John Saunders"]
[SourceDate "2025.08.11"]
[SourceVersion "1"]
[SourceVersionDate "2025.08.11"]
[SourceQuality "1"]

1. d4 Nf6 2. g3 e6 3. Bg2 d5 4. Nf3 c5 5. O-O Nc6 6. c4 Be7 7. cxd5 exd5 8. Nc3 O-O 9. Bg5 cxd4 10. Nxd4 Qb6 11. Nb3 d4 12. Bxf6 Bxf6 13. Nd5 Qd8 14. Nxf6+ Qxf6 15. Rc1 Rd8 16. Qd2 Ne5 17. Nc5 Rb8 18. Ne4 Qe7 19. Nc5 b6 20. Nd3 Ba6 21. b3 Nxd3 22. exd3 Rbc8 23. b4 Qf6 24. a4 Rc3 25. b5 Bc8 26. Rfe1 Bf5 27. Be4 Be6 28. Rxc3 dxc3 29. Qc2 Qd4 30. Rc1 f5 31. Bf3 Qxd3 32. Qxc3 Qxc3 33. Rxc3 Rd4 34. Rc6 Kf7 35. a5 bxa5 36. Ra6 Rd7 37. Rxa5 Ke7 38. Bc6 Rc7 39. f4 Kd6 40. Kf2 Kc5 41. Ra3 g6 42. Re3 Bc8 43. Ra3 Kb6 44. h3 Bd7 45. g4 Bxc6 46. bxc6 Rxc6 47. Kg3 a5 48. Rb3+ Kc5 49. Rb7 Ra6 50. Rxh7 a4 51. gxf5 gxf5 52. Kh4 a3 53. Rc7+ Kd5 54. Rc1 a2 55. Ra1 Ke4 56. Kg5 Ra3 57. Re1+ Kd5 58. Ra1 Ke6 59. Re1+ Kf7 60. Ra1 Ra5 61. h4 Kg7 62. h5 Kh7 63. h6 Ra6 64. Kxf5 1/2-1/2

[Event "GBR-ch111 Over 65"]
[Site "Liverpool"]
[Date "2025.08.09"]
[Round "6.17"]
[White "Jackson, Sheila"]
[Black "Clancy, Martin J"]
[Result "1/2-1/2"]
[WhiteElo "2046"]
[BlackElo "1765"]
[PlyCount "67"]
[EventDate "2025.08.04"]
[EventType "swiss"]
[EventRounds "7"]
[EventCountry "GBR"]
[SourceTitle "BritBase"]
[Source "John Saunders"]
[SourceDate "2025.08.11"]
[SourceVersion "1"]
[SourceVersionDate "2025.08.11"]
[SourceQuality "1"]

1. e4 e5 2. Nf3 Nc6 3. d4 exd4 4. Nxd4 d6 5. Bc4 Nf6 6. Nc3 Be7 7. Bf4 Ne5 8. Bb3 c6 9. O-O Ng6 10. Bg3 O-O 11. Nf5 Bxf5 12. exf5 Ne5 13. Re1 Qc7 14. h3 Rfe8 15. a4 Rad8 16. Bf4 Bf8 17. Bg5 Ned7 18. Qf3 d5 19. g4 Rxe1+ 20. Rxe1 Re8 21. Rxe8 Nxe8 22. Qe3 Qe5 23. Qxe5 Nxe5 24. Kg2 Bb4 25. Ne2 f6 26. Be3 a6 27. c3 Bd6 28. Bc2 Nc4 29. Bc1 c5 30. b3 Ne5 31. Be3 Nc7 32. f4 Nd7 33. Kf3 Kf7 34. h4 1/2-1/2

[Event "GBR-ch111 Over 65"]
[Site "Liverpool"]
[Date "2025.08.09"]
[Round "6.18"]
[White "Bonafont, Philip R"]
[Black "Newton, Robert A"]
[Result "0-1"]
[WhiteElo "1978"]
[BlackElo "1851"]
[PlyCount "74"]
[EventDate "2025.08.04"]
[EventType "swiss"]
[EventRounds "7"]
[EventCountry "GBR"]
[SourceTitle "BritBase"]
[Source "John Saunders"]
[SourceDate "2025.08.11"]
[SourceVersion "1"]
[SourceVersionDate "2025.08.11"]
[SourceQuality "1"]

1. e4 h5 2. d4 a5 3. Nc3 e6 4. f4 Be7 5. Nf3 h4 6. Be3 d6 7. Bd3 Nd7 8. Qe2 c6 9. a4 Ngf6 10. Nd2 b6 11. O-O e5 12. Rad1 exd4 13. Bxd4 Nc5 14. f5 Nxd3 15. cxd3 Ba6 16. Nc4 Bxc4 17. dxc4 Kf8 18. Kh1 Ra7 19. e5 dxe5 20. Bxe5 Rd7 21. Qf3 Rh6 22. Bf4 Rh5 23. Be5 Rh6 24. Rxd7 Qxd7 25. Rd1 Qc8 26. Bd4 Qc7 27. h3 Nh5 28. Ne4 Kg8 29. Bc3 Ng3+ 30. Nxg3 hxg3 31. Rd3 Bf8 32. Qxg3 Qxg3 33. Rxg3 Rh4 34. b3 Rf4 35. f6 Rf1+ 36. Kh2 Bd6 37. fxg7 Rb1 0-1

[Event "GBR-ch111 Over 65"]
[Site "Liverpool"]
[Date "2025.08.09"]
[Round "6.19"]
[White "Punnett, Alan K"]
[Black "Wager, John D"]
[Result "0-1"]
[WhiteElo "1919"]
[BlackElo "1972"]
[PlyCount "123"]
[EventDate "2025.08.04"]
[EventType "swiss"]
[EventRounds "7"]
[EventCountry "GBR"]
[SourceTitle "BritBase"]
[Source "John Saunders"]
[SourceDate "2025.08.11"]
[SourceVersion "1"]
[SourceVersionDate "2025.08.11"]
[SourceQuality "1"]

1. e4 c6 2. Nc3 d5 3. Nf3 dxe4 4. Nxe4 Nf6 5. Ng3 g6 6. d4 Bg7 7. Bd3 Na6 8. c3 Nc7 9. O-O O-O 10. Re1 Ne6 11. Ne5 c5 12. dxc5 Nxc5 13. Bc4 Qxd1 14. Rxd1 Be6 15. Bxe6 Nxe6 16. Be3 Rfc8 17. Nd7 Ng4 18. Bd2 Rd8 19. Be1 Nd4 20. Nc5 Nc2 21. Rab1 b6 22. Nb3 Nxe1 23. Rxe1 Rd7 24. h3 Ne5 25. Re2 Rad8 26. Nd4 Nc4 27. b3 Bxd4 28. cxd4 Nd6 29. Re5 Nc8 30. Ne2 Rc7 31. Rb2 e6 32. Rd2 Ne7 33. g3 Nd5 34. Kg2 Rdc8 35. Nf4 Nxf4+ 36. gxf4 Rd8 37. Re3 Rcd7 38. Red3 Kf8 39. Kf3 Ke7 40. Ke4 Rc8 41. a4 Rd5 42. Rg3 Rc1 43. Rdd3 Kd7 44. Rge3 Rh5 45. d5 exd5+ 46. Rxd5+ Rxd5 47. Kxd5 Rc2 48. Rf3 f6 49. Ke4 Ke6 50. f5+ gxf5+ 51. Kf4 Re2 52. Rc3 Rxf2+ 53. Kg3 Rd2 54. Kh4 Rd7 55. Re3+ Kd5 56. Rd3+ Ke6 57. Re3+ Kf7 58. Rf3 Rd4+ 59. Kh5 f4 60. Kh6 Ke6 61. Kxh7 Kf5 62. h4 0-1

[Event "GBR-ch111 Over 65"]
[Site "Liverpool"]
[Date "2025.08.09"]
[Round "6.20"]
[White "Costello, Colin A"]
[Black "De Coverly, Roger D"]
[Result "1-0"]
[WhiteElo "1876"]
[BlackElo "1969"]
[PlyCount "73"]
[EventDate "2025.08.04"]
[EventType "swiss"]
[EventRounds "7"]
[EventCountry "GBR"]
[SourceTitle "BritBase"]
[Source "John Saunders"]
[SourceDate "2025.08.11"]
[SourceVersion "1"]
[SourceVersionDate "2025.08.11"]
[SourceQuality "1"]

1. c4 Nf6 2. Nc3 g6 3. Nf3 Bg7 4. g3 O-O 5. Bg2 d6 6. O-O Nc6 7. d3 Nh5 8. Rb1 f5 9. Bd2 f4 10. b4 Bg4 11. b5 Nd4 12. Ne4 Bxf3 13. Bxf3 Nxf3+ 14. exf3 e5 15. Bc3 Nf6 16. Qe2 Qe7 17. Rbd1 Rae8 18. Rfe1 h6 19. Kg2 Qf7 20. h3 b6 21. a4 Nd7 22. a5 d5 23. cxd5 Qxd5 24. axb6 axb6 25. Qb2 Rf7 26. d4 Qb7 27. g4 Rfe7 28. d5 Nf6 29. d6 Rd7 30. Nxf6+ Bxf6 31. Bxe5 Bxe5 32. Rxe5 Qc8 33. Qb3+ Kh7 34. Rxe8 Qxe8 35. dxc7 Rxc7 36. Rd6 Qb8 37. Qe6 1-0

[Event "GBR-ch111 Over 65"]
[Site "Liverpool"]
[Date "2025.08.09"]
[Round "6.21"]
[White "Stevens, Brian"]
[Black "Habershon, Paul F"]
[Result "1/2-1/2"]
[WhiteElo "1833"]
[BlackElo "1959"]
[PlyCount "45"]
[EventDate "2025.08.04"]
[EventType "swiss"]
[EventRounds "7"]
[EventCountry "GBR"]
[SourceTitle "BritBase"]
[Source "John Saunders"]
[SourceDate "2025.08.11"]
[SourceVersion "1"]
[SourceVersionDate "2025.08.11"]
[SourceQuality "1"]

1. Nf3 d5 2. d4 Nf6 3. e3 Bg4 4. c4 e6 5. Nbd2 c6 6. h3 Bh5 7. Bd3 Nbd7 8. cxd5 cxd5 9. O-O Be7 10. b3 O-O 11. Bb2 Qa5 12. a3 Rfc8 13. b4 Qd8 14. Qb3 Bg6 15. Bxg6 hxg6 16. a4 Qf8 17. b5 Rc7 18. Rfc1 Rac8 19. Rxc7 Rxc7 20. Rc1 Qc8 21. Rxc7 Qxc7 22. Ba3 Kf8 23. Bxe7+ 1/2-1/2